Guerra e paz (Registo nº 398)

Detalhes MARC
000 -Etiqueta do registo
Cabeçalho 00895nam0a2200277 4500
005 - Identificador da versão
Campo de controlo 20240813121802.0
010 ## - Número internacional normalizado dos livros (ISBN)
Número (ISBN) 9722219243
021 ## - Número do Depósito Legal
Código do país PT
Número 134128/99
100 ## - Dados gerais de processamento
Dados gerais de processamento 20160311d1999 e y0pory5003 ba
102 ## - Pais de publicação ou produção
País de publicação Portugal
101 1# - Língua de publicação
Língua do texto, banda sonora, etc. Português
Língua do documento no original Russo
215 ## - Descrição física 
Indicação específica da natureza do documento e extensão da espécie 235, [2] p.
Outras indicações físicas il
200 1# - Titulo e menção de responsabilidade
Título próprio Guerra e paz
Primeira menção de responsabilidade Leão Tolstoi
Outras menções de responsabilidade versão portuguesa de Cabral do Nascimento
-- il. Augusto Trigo
225 2# - Colecção 
Título próprio da colecção Clássicos juvenis TVI
Indicação de volume 26
210 ## - Publicação, Distribuição, etc. 
Lugar da edição, distribuição, etc. Lisboa
Nome do editor, distribuidor, etc. Verbo
Data da publicação, distribuição, etc. D. L. 1999
300 ## - Notas gerais 
Texto da nota Plano Nacional de Leitura
606 ## - Nome comum usado como assunto
Número de registo de entrada de autoridade 0002776
Palavra de ordem Literatura russa
Subdivisão de assunto Romances históricos
Código do sistema CA
675 ## - Classificação Decimal Universal (CDU)
Notação 821.161.1-311.6
Edição 3ª ed.
Língua da edição por
702 ## - Nome de autor-pessoa física (responsabilidade secundária)
Número de registo de entrada de autoridade 0000401
Palavra de ordem Nascimento
Outra parte do nome não tomada para palavra de ordem Cabral do
Datas 1897-1978
Código de função Tradutor
Número de registo de entrada de autoridade 0000388
Palavra de ordem Trigo
Outra parte do nome não tomada para palavra de ordem Augusto
Datas 1938-
Código de função Ilustrador / Técnico de desenho computorizado
700 ## - Nome de autor-pessoa física (responsabilidade principal)
Número de registo de entrada de autoridade 0000417
Palavra de ordem Tolstoi
Outra parte do nome não tomada para palavra de ordem Leão
Datas 1828-1910
966 ## - Identificação da Biblioteca
Sigla EB2,3ENM
942 ## - Elementos de entrada adicionados (Koha)
Tipo de item no Koha Livro
Exemplares
Situação do levantamento Origin of item (home branch) (coded) Biblioteca de empréstimo Código de barras Cota Circulation type (not for loan) Tipo de documento Nota do exemplar Damaged status
  Biblioteca Escolar Eng. Nuno Mergulhão Biblioteca Escolar Eng. Nuno Mergulhão BENM413 82LE-3 TOL PNL   Livro Sem mensagem